Największe miasta w lubuskim wg litery - Statystyki

Ogólne statystyki
  • Ten quiz został rozwiązany 81 razy
  • Średni wynik to 11 z 19
Statystyki odpowiedzi
Litera Liczba mieszkańców Miasto % Poprawnych
G 123.691 Gorzów Wielkopolski
99%
Z 140.874 Zielona Góra
96%
Ś 21.736 Świebodzin
84%
Ż 37.502 Żary
81%
N 38.763 Nowa Sól
78%
K 17.778 Kostrzyn n. Odrą
70%
M 17.994 Międzyrzecz
67%
D 10.122 Drezdenko
55%
S 16.831 Sulechów
52%
W 13.875 Wschowa
52%
I 3.892 Iłowa
46%
L 13.921 Lubsko
46%
B 4.307 Bytom Odrzański
42%
O 5.165 Ośno Lubuskie
40%
R 6.529 Rzepin
40%
T 2.526 Torzym
39%
Ł 2.478 Łęknica
34%
J 4.309 Jasień
33%
C 4.041 Czerwieńsk
28%
Nie znaleziono quizów pasujących do podanych kryteriów
Rozkład punktacji
Procent ludzi z każdym wynikiem
Percentyl według liczby udzielonych odpowiedzi
Twoja historia wyników
Nie rozwiązałeś tego quizu